World Rugby - Womens Player of the Year - Statistics

General Stats
  • This quiz has been taken 5 times
  • The average score is 3 of 8
Answer Stats
Hint Country Answer % Correct
2017 New Zealand Portia Woodman
60%
2016 England Sarah Hunter
60%
2021 England Zoe Aldcroft
60%
2019 England Emily Scarratt
40%
2018 France Jessy Trémoulière
40%
2015 New Zealand Kendra Cocksedge
40%
2014 Canada Magali Harvey
20%
2012 England Michaela Staniford
20%
No matching quizzes found
Score Distribution
Percent of People with Each Score
Percentile by Number Answered
Your Score History
You have not taken this quiz